000 00804nam a2200205Ia 4500
003 GCL
008 140319s9999 xx 000 0 ara d
040 _aGCL /
_cGCL
082 0 4 _a812.008
_bا م
100 1 _aالفريد فرج
245 1 0 _aمسرحيات: (1) اغنياء فقراء ظرفاء كوميديا موسيقية(2) الحب لعبة مسرحية من فصل واحد (3)الغريب كوميديا اجتماعية /
_cالفريد فرج
260 _a[S.N] :
_bالهيئة المصرية العامة للكتاب ،
_c1985
300 _a301 ص
490 _aمؤلفات الفريد فرج
_v0
650 0 4 _aالادب العربى
650 0 4 _aالمسرح العربى
650 0 4 _aتاريخ ونقد
650 0 4 _aالمسرحيات العربية
942 _2ddc
_cBK
999 _c29969
_d29969